000 00711nam a2200181 4500
005 20241212101550.0
008 221108b ||||| |||| 00| 0 eng d
020 _a9789718218372
082 _aDFil 361.25 L115 2019
100 _aLabuguen, Florida C.
_946745
245 _aNSRC national service reserve corps in action :
_btowards community transformation in the 21st century /
_cFlorida C. Labuguen
260 _aMalabon City :
_bMutya Publishing House, Inc.,
_c©2019.
300 _a117 pages :
_billustrations ;
_c27 cm.
500 _aIncludes bibliographical references.
650 _aNational Service Training Program.
_96676
650 _aReserve Officers' Training Corps.
_96677
942 _2ddc
_cDFIL
999 _c17596
_d17596